• 首页
  • 本馆介绍
  • 公告通知
  • 最新文献
  • 馆藏检索
  • 电子资源
  • 读者导购
  • 参考咨询
  • 我的图书馆
  • 登录
  • 详细信息显示
  • 放入我的书架
  • 预约/预借图书
  • 作者相关作品
  • 分类相关作品
  • 丛书相关作品
  • 出版社相关作品

书目信息

  • 表格格式
  • 工作单格式
  • 卡片格式
题名:
资本主义的诞生
    
 
作者: 迈克尔·佩罗曼 著 ;裴达鹰 译
分册:  
出版信息: 桂林   广西师范大学出版社  2001
页数: 472页
开本: 21cm
丛书名: 雅典娜思想译丛
单 册:
中图分类: F03
科图分类:
主题词: 资本主义经济--研究
电子资源:
ISBN: 7-5633-3270-7
000 00937nam0 2200253 45
001 0304230947
005 20031219104109.8
010    @a7-5633-3270-7@dCNY26.80
100    @a20030423d2001 km y0chiy0120 ea
101 0  @achi@ceng
105    @a z 000yy
200 1  @a资本主义的诞生@AZi Ben Zhu Yi De Dan Sheng@e对古典政治经济学的一种诠释@EDui Gu Dian Zheng Zhi Jing Ji Xue De Yi Zhong Quan Shi@f(英)迈克尔·佩罗曼著@F(Ying)Mai Ke Er·Pei Luo Man Zhu@g裴达鹰译
210    @a桂林@c广西师范大学出版社@d2001
215    @a472页@d21cm
225    @a雅典娜思想译丛
304    @a书名原文:The Inventionof Capitalism
410    @12001 @a雅典娜思想译丛
517    @a对古典政治经济学的一种诠释@ADui Gu Dian Zheng Zhi Jing Ji Xue De Yi Zhong Quan Shi
606 0  @a资本主义经济@x研究
690    @aF03@v4
701  0 @a迈克尔·佩罗曼@4著
702  0 @a裴达鹰@APei Da Ying@4译
801    @aCN@bTSTC@c20030423
905    @b323232-233@dF03@e32@f2
    
    资本主义的诞生:对古典政治经济学的一种诠释/(英)迈克尔·佩罗曼著/裴达鹰译.-桂林:广西师范大学出版社,2001
    472页;21cm.-(雅典娜思想译丛)
    
    
    ISBN 7-5633-3270-7:CNY26.80
    
●
相关链接 在E读中查询图书 在五车中查询图书 在当当中查询图书 在豆瓣中查询图书


正题名:资本主义的诞生     索取号:F03/32         预约/预借

序号 登录号 条形码 馆藏地/架位号 状态 备注
1 0323232   203232322   第一借阅区/ [索取号:F03/32] 在馆    
2 0323233   203232331   第一借阅区/ [索取号:F03/32] 在馆    
唐山师范学院图书馆 欢迎您!
大连网信软件有限公司© 版权所有